000 00952cam a2200265 a 4500
999 _c1201
_d1201
001 15974416
003 GZU
005 20200930111544.0
008 091105s2011 caua b 001 0 eng
010 _a 2009045113
020 _a9781412970440 (pbk.)
040 _aDLC
_cDLC
_dDLC
050 0 0 _aH62
_b.MAR 2011
100 1 _aMarshall, Catherine,
_d1946-
_eauthor
245 1 0 _aDesigning qualitative research /
_cCatherine Marshall, Gretchen B. Rossman.
250 _a5th ed.
260 _aLos Angeles :
_bSage,
_cc2011.
300 _axxii, 321 p. :
_bill. ;
_c23 cm.
504 _aIncludes bibliographical references (p. 279-299) and indexes.
650 0 _aSocial sciences
_xResearch
_xMethodology.
700 1 _aRossman, Gretchen B.
_eauthor
906 _a7
_bcbc
_corignew
_d1
_eecip
_f20
_gy-gencatlg
942 _2lcc
_cBK
_e5th ed.
_h62
_iMAR
_kH